| 000 | 00520nam a22001937a 4500 | ||
|---|---|---|---|
| 003 | OSt | ||
| 008 | 260422b |||||||| |||| 00| 0 eng d | ||
| 082 |
_a634.421 _bM27E |
||
| 100 | _aMahto, Deo Narayan. | ||
| 245 | _aEffect of Nutrient Spray on Fruiting and Quality of Guava (Psidium guajava Linn.) CV. Sardar | ||
| 260 |
_aSabour, Bhagalpur _bBAC, RAU _c1999 |
||
| 300 | _a87p. | ||
| 502 |
_bM. Sc. _d1999 |
||
| 650 | _aHorticulture | ||
| 650 | _aGuavas | ||
| 650 | _aThesis | ||
| 650 | _aM. Sc. | ||
| 942 |
_2ddc _cT |
||
| 999 |
_c50108 _d50108 |
||